00458nam a2200169Ia 4500003000400000005001700004008004100021020001800062040000900080082001500089100001500104245008000119250001200199260005700211300000900268650001100277OSt20200923144558.0190216s9999||||xx |||||||||||||| ||und|| a9788122414943 coclc a576bANE/E aAneja, K R 0aExperiments In Microbiology, Plant Pathology and Biotechnology /cK R Aneja a4th Ed. bNew Age International Publishers,aNew Delhi:c2007. a606p aBotany